| 000 | 00610nam a2200181Ia 4500 | ||
|---|---|---|---|
| 003 | GCL | ||
| 008 | 140319s9999 xx 000 0 ara d | ||
| 040 |
_aGCL / _cGCL |
||
| 082 | 0 | 4 |
_a023 _bم ت |
| 100 | 1 | _aمحسن السيد العرينى | |
| 245 | 1 | 0 |
_aالتنمية المهنية للعاملين فى المكتبات ومراكز المعلومات / _cمحسن السيد العرينى |
| 260 |
_a[S.N] : _bالدار المصرية اللبنانية ، _c1994 |
||
| 300 | _a395 ص | ||
| 490 | _a | ||
| 650 | 0 | 4 | _aمراكز المعلومات |
| 650 | 0 | 4 | _aالمكتبات |
| 942 |
_2ddc _cBK |
||
| 999 |
_c35363 _d35363 |
||